000
00402nam a22001697a 4500
003
MPLRDC
005
20220104124227.0
008
210129b ||||| |||| 00| 0 eng d
020
_a
962-260-117-0
082
_a
859.6 RG
100
_a
任光编著
245
_a
智勇双全的田单
_c
260
_a
_b
香港人光出版社
_c
300
_b
平
650
_a
儿童故事
942
_c
BK
_o
859.6 RG
999
_c
17646
_d
17636